Städte die größer als New York sind - Statistiken

Allgemein
  • Dieses Quiz wurde 291 mal gespielt
  • Das Durchschnittsergebnis liegt bei 8 aus 10
Antwortstatistiken
Einwohner Stadt Land % Korrekt
37,977 Millionen Tokyo Japan
100%
20,996 Millionen Mexiko-Stadt Mexiko
93%
21,794 Millionen Seoul Südkorea
89%
22,120 Millionen Shanghai China
87%
34,540 Millionen Jakarta Indonesien
84%
23,355 Millionen Mumbai Indien
82%
22,046 Millionen São Paulo Brasilien
79%
23,088 Millionen Manila Philippinen
78%
29,617 Millionen Delhi Indien
72%
20,902 Millionen Guangzhou China
51%
Keine übereinstimmenden Quizze gefunden
Verteilung der Resultate
Anzahl Personen mit jedem Resultat
Perzentil nach korrekt beantworteten Fragen
Ihre Resultats-Entwicklung
Sie haben dieses Quiz noch nicht gespielt